000 00794nam a2200241Ia 4500
003 GCL
008 140319s9999 xx 000 0 ara d
020 _a3191099957
040 _aGCL /
_cGCL
082 0 4 _a809
_bم ق
100 1 _aمارى تريز عبدالمسيح
245 1 0 _aقراءة الادب عبر الثقافات /
_cمارى تريز عبدالمسيح
260 _aالاردن :
_bازمنة للنشر والتوزيع ،
_c2004
300 _a200 ص ؛
_c16 سم
650 0 4 _aالادب المقارن
650 0 4 _aالادب - مجموعات
650 0 4 _aحى بن يقظان
650 0 4 _aروبنسون كروزو
650 0 4 _aالادب الصومالى
650 0 4 _aالهوية فى الادب
650 0 4 _aطوق الحمامة
942 _2ddc
_cBK
999 _c8115
_d8115